| 000 | 00385nam a2200157Ia 4500 | ||
|---|---|---|---|
| 008 | 230312s9999||||xx |||||||||||||| ||und|| | ||
| 020 | _a0-03768-027-8 | ||
| 082 |
_a727.7097 _bUFF-C |
||
| 100 | _aUffelen;Chris.Van | ||
| 245 | 0 | _aCinema Architecture | |
| 260 |
_bBraun _aGermany _c2009 |
||
| 300 | _a253 | ||
| 546 | _aEng. | ||
| 650 |
_aArchitecture _vCinema Architecture |
||
| 942 | _cBK | ||
| 999 |
_c8276 _d8276 |
||